Formas de volver a casa
I tiakina i:
| Kaituhi matua: | |
|---|---|
| Hōputu: | Pukapuka |
| Reo: | Pāniora |
| I whakaputaina: |
Barcelona
Anagrama
2014
|
| Putanga: | 1a. ed |
| Rangatū: | Compactos Anagrama
|
| Ngā marau: | |
| Ngā Tūtohu: |
Tāpirihia he Tūtohu
Kāore He Tūtohu, Me noho koe te mea tuatahi ki te tūtohu i tēnei pūkete!
|
MARC
| LEADER | 00000cam a2200000 a 4500 | ||
|---|---|---|---|
| 001 | UCE9740 | ||
| 003 | CL-VaPUC | ||
| 008 | 151106e20140000sp |||||||||||||||||spa|d | ||
| 020 | |a 9788433977434 | ||
| 082 | 0 | 4 | |a Ch863 |b ZAM |2 21 |
| 100 | 0 | |a Zambra, Alejandro |e author |9 582634 | |
| 245 | 1 | 0 | |a Formas de volver a casa |
| 250 | |a 1a. ed | ||
| 300 | |a 164 p | ||
| 942 | |c BK | ||
| 945 | |d 20151106 14:16:00 |a dcastane | ||
| 260 | |a Barcelona |b Anagrama |c 2014 | ||
| 650 | 0 | |a Novelas chilenas |9 265425 | |
| 650 | 0 | |a Literatura chilena |9 308278 | |
| 583 | |a last modification |c 20151106 14:16:00 |k Rodrigo Vera | ||
| 490 | 0 | |a Compactos Anagrama | |
| 999 | |c 361385 |d 361383 | ||